00986nam a22002297a 4500003000900000005001700009007000300026008004100029040002500070082002100095111010000116245005400216246004400270260007200314300002700386500005400413500002000467611010000487650005900587650006100646650004900707DO-SdBNP20221020134307.0ta221020b198- dr ||||| |||| 00| 0 spa d aDO-SdBNPbspacBNPHU 4a021.7bF356d2222 aFeria Nacional del Libron(17ª :d 21 al 30 de octubrecSanto Domingo, República Dominicana)10aXVII Feria Internacional del Libro :bPrograma.13aDecimoseptima Feria Nacional del Libro  aSanto Domingo :bMinisterio de CulturabEdiciones Ferilibro,c198-. a78 p. :bil. ;c21 cm. aDedicado a la memoria de Máximo Avilés Blonda aLeer es primero24aFeria internacional del libron(17ª :d2014 :cSanto Domingo, Republica Dominicana)xProgramas 4aIndustria del librozRepública DominicanaxProgramas 4aFeria del librozRepública Dominicanay2014xProgramas 4aLibrosxExposicioneszRepública Dominicana